| 000 | 00553nam a2200133Ia 4500 | ||
|---|---|---|---|
| 008 | 171212s9999 xx 000 0 und d | ||
| 020 | _a9780833030528 | ||
| 100 | _aByman, Daniel;Chalk, Peter;Hoffman, Bruce;Rosenau, William;Brannan, David | ||
| 245 |
_cByman, Daniel;Chalk, Peter;Hoffman, Bruce;Rosenau, William;Brannan, David _aTrends in Outside Support for Insurgent Movements |
||
| 260 |
_bRAND Corporation _c2001 |
||
| 650 | _aInsurgency; World politics -- 1989– | ||
| 650 | _aPolitical Science | ||
| 856 | _uwww.jstor.org/stable/10.7249/mr1405oti | ||
| 999 |
_c352755 _d352755 |
||